000 00311nam a2200133Ia 4500
008 231129s9999||||xx |||||||||||||| ||spa||
040 _bspa
082 _a364.2 F388
100 _aFerri Enrico
245 0 _aSociologia criminal
260 _c198
264 _aCentro Editorial de Góngora
942 _2ddc
_cBKS
999 _c24758
_d24758